01245nam a2200217 a 4500008004100000020001500041050001900056100001800075245012200093260002500215300001900240350000900259490003600268650005900304650003700363995016700400995016700567999001700734952013800751952013800889090324s1999 ||||||||||||||||| || u a0797420185 aTD 789.A35 Cle aYap, Nonita T10aCleaner production and consumption: challenges and opportuinties in East and Southern Africacedited by Notita T. Yap aHararebWeaverc1999 axiv, 186p.:ill a0.00 aEnvironmental Roundtable series aREFUSE AND REFUSE DISPOSAL--AFRICA, EAST--CASE STUDIES aSANITATION--DEVELOPING COUNTRIES aMAIN LIBRARY OPEN ACCESSD0.00e740029FCBU-MAIN LIBRARY (Kitwe)H1I0.00jTD 789.A35 CLEM1UAVAILABLEWMay 14, 2009y740029ZMain Library Open Access Collection aMAIN LIBRARY OPEN ACCESSD0.00e740028FCBU-MAIN LIBRARY (Kitwe)H1I0.00jTD 789.A35 CLEM2UAVAILABLEWMay 14, 2009y740028ZMain Library Open Access Collection c79399d79399 00102lcc4070a001b001cMain Library Open Access Collectiond2023-06-29l0oTD 789.A35 Clep740029r2023-06-29t1w2023-06-29y002 00102lcc4070a001b001cMain Library Open Access Collectiond2023-06-29l0oTD 789.A35 Clep740028r2023-06-29t2w2023-06-29y002